Hommes et femmes dans l'Antiquité grecque et romaine (notice n° 2106294)
[ vue normale ]
| 000 -LEADER | |
|---|---|
| fixed length control field | 00922cam a2200157 4500500 |
| 005 - DATE AND TIME OF LATEST TRANSACTION | |
| control field | 20260405013546.0 |
| 041 ## - LANGUAGE CODE | |
| Language code of text/sound track or separate title | fre |
| 042 ## - AUTHENTICATION CODE | |
| Authentication code | dc |
| 100 10 - MAIN ENTRY--PERSONAL NAME | |
| Personal name | Sebillotte Cuchet, Violaine |
| Relator term | author |
| 245 00 - TITLE STATEMENT | |
| Title | Hommes et femmes dans l'Antiquité grecque et romaine |
| 260 ## - PUBLICATION, DISTRIBUTION, ETC. | |
| Name of publisher, distributor, etc. | Armand Colin,<br/> |
| Date of publication, distribution, etc. | 2011.<br/> |
| 520 ## - SUMMARY, ETC. | |
| Summary, etc. | Sandra Boehringer est maîtresse de conférences en histoire grecque à l’Université de Strasbourg.Violaine Sebillotte Cuchet est professeure d’histoire grecque à l’Université Paris 1.1. Le genre, dans et pour l’Histoire 2. Une méthode d’analyse utile : documents commentés par une vingtaine de spécialistes de l’Antiquité 3. Parcours de lecture |
| 700 10 - ADDED ENTRY--PERSONAL NAME | |
| Personal name | Boehringer, Sandra |
| Relator term | author |
| 700 10 - ADDED ENTRY--PERSONAL NAME | |
| Personal name | Sebillotte-Cuchet, Violaine |
| Relator term | author |
| 856 41 - ELECTRONIC LOCATION AND ACCESS | |
| Uniform Resource Identifier | <a href="https://shs.cairn.info/hommes-et-femmes-dans-l-antiquite-grecque-et-romaine--9782200259136?lang=fr&redirect-ssocas=7080">https://shs.cairn.info/hommes-et-femmes-dans-l-antiquite-grecque-et-romaine--9782200259136?lang=fr&redirect-ssocas=7080</a> |
Pas d'exemplaire disponible.




Réseaux sociaux